Emerging Nodes in the Global Economy : Frankfurt and Tel Aviv Compared /
Cities form one of the principal arenas in which globalization processes are manifest. Much of the interest in the urban outcomes of globalization is focused on a limited number of iconic 'global' or 'world' cities. Most places however will never attain that status. They are more...
| Main Author: | |
|---|---|
| Corporate Author: | |
| Other Authors: | , |
| Format: | eBook |
| Language: | English |
| Published: |
Dordrecht :
Springer Netherlands : Imprint : Springer,
2002.
|
| Series: | GeoJournal library ;
72. GeoJournal library. 72. |
| Subjects: | |
| Online Access: | Connect to the full text of this electronic book |
MARC
| Tag | First Indicator | Second Indicator | Subfields |
|---|---|---|---|
| LEADER | 00000cam a2200000Mi 4500 | ||
| 001 | in00003580717 | ||
| 006 | m o d | ||
| 007 | cr nn|008mamaa | ||
| 008 | 130131s2002 ne o 000 0 eng | ||
| 005 | 20260421171551.5 | ||
| 020 | |a 9789401714082 (electronic bk.) | ||
| 020 | |a 9401714088 (electronic bk.) | ||
| 024 | 7 | |a 10.1007/978-94-017-1408-2 |2 doi | |
| 035 | |a (OCoLC)858976455 | ||
| 040 | |a Nz |b eng |e pn |c UV0 |d OCLCO |d OCLCQ |d OCLCO |d GW5XE |d OCLCF |d UtOrBLW | ||
| 049 | |a TXAM | ||
| 050 | 4 | |a HF1021-1027 | |
| 072 | 7 | |a RGCM |2 bicssc | |
| 072 | 7 | |a SCI030000 |2 bisacsh | |
| 082 | 0 | 4 | |a 330.9 |2 23 |
| 100 | 1 | |a Felzenshṭain, Daniyel. | |
| 245 | 1 | 0 | |a Emerging Nodes in the Global Economy : |b Frankfurt and Tel Aviv Compared / |c edited by Daniel Felsenstein, Eike W. Schamp, Arie Shachar. |
| 264 | 1 | |a Dordrecht : |b Springer Netherlands : |b Imprint : |b Springer, |c 2002. | |
| 300 | |a 1 online resource (XI, 278 pages) | ||
| 336 | |a text |b txt |2 rdacontent | ||
| 337 | |a computer |b c |2 rdamedia | ||
| 338 | |a online resource |b cr |2 rdacarrier | ||
| 490 | 1 | |a The GeoJournal Library, |x 0924-5499 ; |v 72 | |
| 505 | 0 | |a Contributors -- Tables -- Figures -- Section I: Metropolitan Structure and Restructuring -- Section II: Growth Engines' of the Node Economy -- Section III: Producer-Driven Activities -- Section IV: Consumer-Driven Activities -- Section V: Conclusions -- Index. | |
| 520 | |a Cities form one of the principal arenas in which globalization processes are manifest. Much of the interest in the urban outcomes of globalization is focused on a limited number of iconic 'global' or 'world' cities. Most places however will never attain that status. They are more likely to play limited and specialized roles in a world economy increasingly dominated by flows. Emerging Nodes in a Global Network looks at the temporal and volatile ways in which two such cities, Frankfurt and Tel Aviv, engage the global economy. The central thesis of the book contends that the current round of globalization is characterized by places selectively functioning as nodes within global networks. Drawing on a combination of qualitative and quantitative empirical studies of leading sectors in Frankfurt and Tel Aviv (financial and business services, high technology, air transportation, tourism and cultural industries), the process of network formation is systematically analyzed and the role of national and regional policy is highlighted. Audience: This book will be of major interest to academics, researchers, practitioners and policy makers in the areas of urban and economic geography, public policy and economic development. It also provides valuable material for government officials and regional and national agencies involved in metropolitan planning and development. | ||
| 500 | |a Electronic resource. | ||
| 650 | 0 | |a Geography. | |
| 650 | 0 | |a Endogenous growth (Economics) | |
| 650 | 0 | |a Regional economics. | |
| 650 | 7 | |a Endogenous growth (Economics) |2 fast |0 (OCoLC)fst00909770 | |
| 650 | 7 | |a Geography. |2 fast |0 (OCoLC)fst00940469 | |
| 650 | 7 | |a Regional economics. |2 fast |0 (OCoLC)fst01093090 | |
| 655 | 7 | |a Electronic books. |2 local | |
| 700 | 1 | |a Schamp, Eike W. | |
| 700 | 1 | |a Shachar, A., |d 1935- | |
| 710 | 2 | |a SpringerLink (Online service) | |
| 776 | 1 | 8 | |i Print version: |z 9789048161430 |
| 830 | 0 | |a GeoJournal library ; |v 72. |x 0924-5499 | |
| 830 | 0 | |a GeoJournal library. |x 0924-5499 ; |v 72. | |
| 856 | 4 | 0 | |u http://proxy.library.tamu.edu/login?url=https://link.springer.com/10.1007/978-94-017-1408-2 |z Connect to the full text of this electronic book |t 0 |
| 994 | |a 92 |b TXA | ||
| 999 | |a MARS | ||
| 999 | f | f | |s d085b101-1295-37f5-a88b-e39eb4850303 |i 83e32d57-2b78-3bc5-b518-549bcccdd501 |t 0 |
| 952 | f | f | |a Texas A&M University |b College Station |c Electronic Resources |s www_evans |d Available Online |t 0 |e HF1021-1027 |h Library of Congress classification |
| 998 | f | f | |a HF1021-1027 |t 0 |l Available Online |